| 000 | 00583nam a2200181Ia 4500 | ||
|---|---|---|---|
| 008 | 090123s9999 xx 000 0 und d | ||
| 082 |
_b36858 _a891.463/तेंडुल |
||
| 100 | _aतेंडुलकर नलिनी | ||
| 245 | _aगंधबावरी | ||
| 250 | _a0 | ||
| 260 |
_bपार्टनर पब्लिकेशन _c2004 |
||
| 300 | _a152 | ||
| 600 | _aतेंडुलकर नलिनी | ||
| 630 | _aगंधबावरी | ||
| 700 | _aतेंडुलकर नलिनी | ||
| 730 | _aगंधबावरी | ||
| 942 | _cBOOK | ||
| 999 |
_c74924 _d74924 |
||